[Event "Figueres Mas op-A 23rd"]
[Site "Figueres"]
[Date "2022.08.14"]
[Round "4"]
[White "Anguera Staina, Maxim"]
[Black "Gimenez Garcia, Emilio"]
[Result "1/2-1/2"]
[WhiteElo "1970"]
[BlackElo "1814"]
[PlyCount "29"]
[EventDate "2022.08.11"]
[EventType "swiss"]
[EventRounds "9"]
[EventCountry "ESP"]
[SourceTitle "EXT 2023"]
[Source "ChessBase"]
[SourceDate "2022.10.05"]
[SourceVersion "1"]
[SourceVersionDate "2022.10.05"]
[SourceQuality "1"]

1. d4 d5 2. Bf4 c6 3. e3 Qb6 4. Qc1 Bf5 5. Nc3 e6 6. f3 Nf6 7. g4 Bg6 8. h4 h5 9. g5 Nfd7 10. Bd3 c5 11. Bxg6 fxg6 12. Nge2 Bd6 13. Bxd6 Qxd6 14. b3 0-0 15. Nf4 1/2-1/2

[Event "Palma de Mallorca op"]
[Site "Palma de Mallorca"]
[Date "2021.11.23"]
[Round "2"]
[White "Pons Escanellas, Antonio M"]
[Black "Gimenez Garcia, Emilio"]
[Result "0-1"]
[WhiteElo "1403"]
[BlackElo "1811"]
[PlyCount "93"]
[EventDate "2021.11.22"]
[EventType "swiss"]
[EventRounds "7"]
[EventCountry "ESP"]
[SourceTitle "CBM 205 Extra"]
[Source "ChessBase"]
[SourceDate "2022.01.31"]
[SourceVersion "1"]
[SourceVersionDate "2022.01.31"]
[SourceQuality "1"]

1. d4 d5 2. Nf3 Nf6 3. Bg5 h6 4. Bh4 c6 5. e3 Bf5 6. Bd3 Bg4 7. Be2 Qb6 8. b3 Nbd7 9. 0-0 e6 10. Nc3 Bd6 11. Bxf6 Nxf6 12. Ne5 Bf5 13. Bd3 Ne4 14. Nxe4 dxe4 15. Be2 Qc7 16. f4 exf3 17. Nxf3 Be4 18. Bd3 Bxf3 19. Qxf3 Bxh2+ 20. Kf2 Bd6 21. Ke2 Rf8 22. c4 0-0-0 23. c5 Be7 24. b4 e5 25. Qf5+ Kb8 26. Qxe5 Qxe5 27. dxe5 Rd5 28. Rf3 Rxe5 29. Raf1 Bf6 30. Rf5 Re7 31. b5 Bg5 32. Rxg5 hxg5 33. bxc6 bxc6 34. Kd2 Rd8 35. Kc3 g6 36. a4 f5 37. a5 Red7 38. Bc4 Rd2 39. g4 fxg4 40. Rg1 Rf2 41. Bd3 Rf3 42. Rxg4 Rxe3 43. Rxg5 Rdxd3+ 44. Kc4 Rc3+ 45. Kb4 Rb3+ 46. Kc4 Rg3 47. Re5 0-1

[Event "Port de Pollensa op"]
[Site "Port de Pollenca"]
[Date "2019.03.23"]
[Round "6"]
[White "Mateu Mir, Gabriel"]
[Black "Gimenez Garcia, Emilio"]
[Result "0-1"]
[WhiteElo "1398"]
[BlackElo "1824"]
[PlyCount "55"]
[EventDate "2019.03.18"]
[EventType "swiss"]
[EventRounds "7"]
[EventCountry "ESP"]
[SourceTitle "CBM 189 Extra"]
[Source "ChessBase"]
[SourceDate "2019.05.31"]
[SourceVersion "1"]
[SourceVersionDate "2019.05.31"]
[SourceQuality "1"]

1. d4 d5 2. c4 e6 3. Nc3 f5 4. Nf3 Nf6 5. Bg5 Be7 6. e3 0-0 7. Bd3 c6 8. c5 Nbd7 9. 0-0 Ne4 10. Bxe7 Qxe7 11. Rc1 Ndf6 12. Ne5 Bd7 13. b4 Be8 14. Bxe4 fxe4 15. a4 a6 16. a5 Nd7 17. f4 Rf5 18. g4 Rf8 19. g5 Nxe5 20. dxe5 Bg6 21. Kf2 Qxg5 22. Rg1 Qh4+ 23. Kf1 Qxh2 24. Rc2 Qh3+ 25. Kf2 Bh5 26. Ne2 Qf3+ 27. Ke1 Qxe3 28. Rg3 0-1

[Event "Figueres op-B 17th"]
[Site "Figueres"]
[Date "2016.08.12"]
[Round "2"]
[White "Gimenez Garcia, Emilio"]
[Black "Perez Lopez, Alfonso"]
[Result "1-0"]
[WhiteElo "1926"]
[BlackElo "1785"]
[PlyCount "59"]
[EventDate "2016.08.11"]
[EventType "swiss"]
[EventRounds "9"]
[EventCountry "ESP"]
[SourceTitle "EXT 2017"]
[Source "ChessBase"]
[SourceDate "2016.10.25"]
[SourceVersion "1"]
[SourceVersionDate "2016.10.25"]
[SourceQuality "1"]

1. d4 Nf6 2. c4 g6 3. Nc3 d5 4. Bg5 c6 5. e3 Bg7 6. Nf3 0-0 7. Be2 Nbd7 8. c5 b6 9. b4 Re8 10. Rb1 bxc5 11. bxc5 Qa5 12. Qd2 Ba6 13. 0-0 Bxe2 14. Nxe2 Qa6 15. Nc3 e5 16. dxe5 Nxe5 17. Nxe5 Rxe5 18. Bf4 Ree8 19. Qc2 Qc4 20. Rfc1 Qxc5 21. Ne2 Qa5 22. Qxc6 Qd2 23. Qc2 Qa5 24. Nc3 Rac8 25. Qb3 Red8 26. h3 Nh5 27. Ne2 Rxc1+ 28. Rxc1 Qd2 29. Qc2 Qa5 30. Bc7 1-0

[Event "Palmanova Blau Escacs op 1st"]
[Site "Palmanova"]
[Date "2015.04.14"]
[Round "4"]
[White "Gimenez Garcia, Emilio"]
[Black "Garcia Comendador, Simon"]
[Result "1-0"]
[WhiteElo "1910"]
[BlackElo "1702"]
[PlyCount "51"]
[EventDate "2015.04.11"]
[EventType "swiss"]
[EventRounds "9"]
[EventCountry "ESP"]
[SourceTitle "CBM 166 Extra"]
[Source "ChessBase"]
[SourceDate "2015.06.18"]
[SourceVersion "1"]
[SourceVersionDate "2015.06.18"]
[SourceQuality "1"]

1. d4 d5 2. Bf4 Bf5 3. e3 Nf6 4. Nd2 Nbd7 5. c3 e6 6. Ngf3 Be7 7. h3 h6 8. Bb5 c6 9. Ba4 a5 10. Bc2 Bxc2 11. Qxc2 b5 12. 0-0 Qb6 13. a4 0-0 14. g4 Rfc8 15. g5 hxg5 16. Nxg5 g6 17. Kh1 Nh5 18. Nxe6 fxe6 19. Qxg6+ Ng7 20. Bh6 Bf6 21. Bxg7 Bxg7 22. Rg1 Kf8 23. Qxg7+ Ke8 24. Qh8+ Ke7 25. Qh7+ Ke8 26. Rg8+ 1-0

[Event "Palma de Mallorca (Women)"]
[Site "Palma de Mallorca"]
[Date "2013.02.23"]
[Round "9.1"]
[White "Robin, Samy"]
[Black "Gimenez Garcia, Emilio"]
[Result "1-0"]
[WhiteElo "2250"]
[BlackElo "1830"]
[PlyCount "48"]
[EventDate "2013.02.17"]
[EventType "swiss"]
[EventRounds "9"]
[EventCountry "ESP"]
[SourceTitle "EXT 2024"]
[Source "ChessBase"]
[SourceDate "2023.10.10"]
[SourceVersion "1"]
[SourceVersionDate "2023.10.10"]
[SourceQuality "1"]

1. d4 d5 2. Nc3 c6 3. e4 dxe4 4. Nxe4 Nf6 5. Nxf6+ exf6 6. Be3 Be6 7. Bd3 Bd6 8. Ne2 Qc7 9. Qd2 Bg4 10. 0-0-0 Nd7 11. h3 Be6 12. c4 b6 13. f4 f5 14. g4 g6 15. gxf5 gxf5 16. Ng3 0-0-0 17. Nxf5 Bxf5 18. Bxf5 Kb8 19. Kb1 Nf6 20. Rhf1 Rhe8 21. Bg1 Ne4 22. Qd3 Nf6 23. Qf3 Bf8 24. Bg4 Bg7 1-0

[Event "Palma de Mallorca (Women)"]
[Site "Palma de Mallorca"]
[Date "2013.02.21"]
[Round "6.1"]
[White "Gimenez Garcia, Emilio"]
[Black "Bismuth, Lea"]
[Result "0-1"]
[WhiteElo "1830"]
[BlackElo "1962"]
[PlyCount "72"]
[EventDate "2013.02.17"]
[EventType "swiss"]
[EventRounds "9"]
[EventCountry "ESP"]
[SourceTitle "EXT 2024"]
[Source "ChessBase"]
[SourceDate "2023.10.10"]
[SourceVersion "1"]
[SourceVersionDate "2023.10.10"]
[SourceQuality "1"]

1. d4 Nf6 2. Bf4 g6 3. e3 Bg7 4. Nd2 0-0 5. Ngf3 d6 6. Bd3 b6 7. h4 Nh5 8. Bh2 c5 9. Ng5 cxd4 10. exd4 Bxd4 11. c3 Bg7 12. Nxh7 Re8 13. Ng5 Bb7 14. Qc2 e5 15. Nxf7 Qxh4 16. 0-0-0 Bxg2 17. Bg3 Qf6 18. Bxg6 Nxg3 19. fxg3 Bxh1 20. Rxh1 Nd7 21. Bh7+ Kxf7 22. Rf1 Re6 23. Rxf6+ Rxf6 24. Qb3+ Ke7 25. Kd1 Rh8 26. Be4 Rh2 27. Nf3 Rf2 28. Qg8 Bf8 29. Qh7+ Rf7 30. Qh4+ Nf6 31. Ng5 Rg7 32. Nh7 Rg4 33. Qh1 Nxe4 34. Nxf8 Rxf8 35. Qh7+ Rf7 36. Qh8 Nxg3 0-1

[Event "Palma de Mallorca (Women)"]
[Site "Palma de Mallorca"]
[Date "2013.02.19"]
[Round "3.1"]
[White "Nicolas Zapata, Javier"]
[Black "Gimenez Garcia, Emilio"]
[Result "0-1"]
[WhiteElo "2075"]
[BlackElo "1830"]
[PlyCount "72"]
[EventDate "2013.02.17"]
[EventType "swiss"]
[EventRounds "9"]
[EventCountry "ESP"]
[SourceTitle "EXT 2024"]
[Source "ChessBase"]
[SourceDate "2023.10.10"]
[SourceVersion "1"]
[SourceVersionDate "2023.10.10"]
[SourceQuality "1"]

1. e4 c6 2. Nc3 d5 3. Nf3 dxe4 4. Nxe4 Nf6 5. Nxf6+ exf6 6. d4 Bd6 7. Bc4 Qe7+ 8. Be3 0-0 9. 0-0 Be6 10. Bxe6 Qxe6 11. Qd3 Na6 12. a3 Nc7 13. c4 Rfe8 14. h3 Rad8 15. Rfe1 Qd7 16. Rad1 Ne6 17. d5 cxd5 18. Bxa7 Nf4 19. Rxe8+ Rxe8 20. Qf1 Qf5 21. cxd5 Nxh3+ 22. gxh3 Qxf3 23. Qd3 Qf4 24. Qg3 Qa4 25. Qxd6 Qxd1+ 26. Kg2 Qe2 27. Qd7 Qe7 28. Qxe7 Rxe7 29. d6 Re2 30. Bc5 Rxb2 31. Kf3 Rd2 32. Kf4 Kf8 33. Ke3 Rd5 34. Bb4 Ke8 35. Ke4 Rh5 36. Kd4 Kd7 0-1

[Event "Palma de Mallorca (Women)"]
[Site "Palma de Mallorca"]
[Date "2013.02.17"]
[Round "1.1"]
[White "Rodrigo Yanguas, Maria"]
[Black "Gimenez Garcia, Emilio"]
[Result "1-0"]
[WhiteElo "2187"]
[BlackElo "1830"]
[PlyCount "158"]
[EventDate "2013.02.17"]
[EventType "swiss"]
[EventRounds "9"]
[EventCountry "ESP"]
[SourceTitle "EXT 2024"]
[Source "ChessBase"]
[SourceDate "2023.10.10"]
[SourceVersion "1"]
[SourceVersionDate "2023.10.10"]
[SourceQuality "1"]

1. e4 c6 2. d4 d5 3. e5 Bf5 4. Nd2 e6 5. Nb3 Nd7 6. Be3 Bb4+ 7. c3 Be7 8. Ne2 h5 9. Nf4 Bg4 10. Be2 Bxe2 11. Qxe2 g6 12. Qd2 Qc7 13. Nh3 0-0-0 14. Ng5 Bxg5 15. Bxg5 f6 16. exf6 Ngxf6 17. f3 e5 18. 0-0-0 e4 19. Rhe1 Rde8 20. Re2 Qd6 21. Rde1 Re6 22. Bf4 Qe7 23. Qc2 b5 24. Nd2 Re8 25. Bg5 Qd6 26. fxe4 Qxh2 27. e5 Nh7 28. Nf3 Qg3 29. Bd2 Qg4 30. Rh1 Rf8 31. Qb3 Qf5 32. Qa3 Kb7 33. Rf1 Qf7 34. Ref2 Qe7 35. Qxe7 Rxe7 36. c4 Rc8 37. cxd5 cxd5+ 38. Kb1 Nb6 39. Nh4 Nc4 40. Nxg6 Nxd2+ 41. Rxd2 Rec7 42. Nf4 Rf8 43. Rff2 Ng5 44. Nxd5 Rxf2 45. Rxf2 Rd7 46. Nc3 Rxd4 47. Re2 Ne6 48. Nxb5 Rh4 49. a4 Rxa4 50. Rf2 a6 51. Nc3 Rh4 52. Rf6 Rh1+ 53. Ka2 Nd4 54. Rd6 Nc6 55. e6 Re1 56. Nd5 Re5 57. Rd7+ Kb8 58. e7 Nxe7 59. Nxe7 Re2 60. g3 Re3 61. Nf5 Rf3 62. Rf7 a5 63. b3 Ka8 64. Ka3 Kb8 65. Ka4 Ka8 66. b4 axb4 67. Kxb4 Kb8 68. Kc5 Rd3 69. Nd6 Rxg3 70. Kb6 Rb3+ 71. Nb5 Kc8 72. Kc6 Kd8 73. Rd7+ Ke8 74. Nd6+ Kf8 75. Kd5 Rd3+ 76. Ke6 Re3+ 77. Kf6 Rf3+ 78. Nf5 Ke8 79. Rh7 Kd8 1-0

[Event "Palma de Mallorca op U2200"]
[Site "Palma de Mallorca"]
[Date "2013.01.17"]
[Round "6"]
[White "Gimenez Garcia, Emilio"]
[Black "Orcera Gomez, Francisco"]
[Result "1/2-1/2"]
[WhiteElo "1840"]
[BlackElo "1783"]
[PlyCount "58"]
[EventDate "2013.01.12"]
[EventType "swiss"]
[EventRounds "9"]
[EventCountry "ESP"]
[SourceTitle "EXT 2014"]
[Source "ChessBase"]
[SourceDate "2013.11.20"]
[SourceVersion "1"]
[SourceVersionDate "2013.11.20"]
[SourceQuality "1"]

1. d4 d5 2. Bf4 Nf6 3. e3 Bf5 4. Bd3 Bxd3 5. Qxd3 Qd7 6. h3 e6 7. c3 c5 8. Nd2 Nc6 9. Ngf3 c4 10. Qc2 Bd6 11. Ne5 Qc7 12. Ndf3 0-0 13. Nxc6 Bxf4 14. Nce5 Bxe5 15. Nxe5 Ne4 16. 0-0 f6 17. Nf3 Rf7 18. Nd2 f5 19. f4 Nxd2 20. Qxd2 a5 21. Rac1 a4 22. a3 Rf6 23. Rf3 Rg6 24. Rb1 Ra6 25. Kh2 Rb6 26. Rc1 Qe7 27. Qf2 h5 28. h4 Rg4 29. g3 Rb3 1/2-1/2

[Event "Palma de Mallorca op U2200"]
[Site "Palma de Mallorca"]
[Date "2013.01.14"]
[Round "3"]
[White "Gimenez Garcia, Emilio"]
[Black "Llorens Hofman, Ivan"]
[Result "0-1"]
[WhiteElo "1840"]
[BlackElo "2036"]
[PlyCount "44"]
[EventDate "2013.01.12"]
[EventType "swiss"]
[EventRounds "9"]
[EventCountry "ESP"]
[SourceTitle "EXT 2014"]
[Source "ChessBase"]
[SourceDate "2013.11.20"]
[SourceVersion "1"]
[SourceVersionDate "2013.11.20"]
[SourceQuality "1"]

1. d4 Nf6 2. Bf4 g6 3. e3 Bg7 4. Be2 0-0 5. Nd2 d6 6. h4 h6 7. g4 e5 8. dxe5 dxe5 9. Bg3 Nc6 10. c3 Be6 11. Rh2 Qe7 12. g5 hxg5 13. hxg5 Nh7 14. Qa4 Qxg5 15. 0-0-0 Qe7 16. Ngf3 a6 17. Rdh1 b5 18. Qe4 Nf6 19. Qh4 Rfd8 20. Ng5 Bxa2 21. Nh7 Nxh7 22. Qxh7+ Kf8 0-1

[Event "Mallorca-chB"]
[Site "Palma de Mallorca"]
[Date "2011.12.10"]
[Round "7"]
[White "Navarrete Terrasa, Antonio"]
[Black "Gimenez Garcia, Emilio"]
[Result "1-0"]
[WhiteElo "1857"]
[BlackElo "1870"]
[PlyCount "109"]
[EventDate "2011.10.29"]
[EventType "swiss"]
[EventRounds "8"]
[EventCountry "ESP"]
[SourceTitle "EXT 2014"]
[Source "ChessBase"]
[SourceDate "2013.11.20"]
[SourceVersion "1"]
[SourceVersionDate "2013.11.20"]
[SourceQuality "1"]

1. e4 e5 2. Nf3 Nc6 3. Bb5 Nge7 4. 0-0 Ng6 5. d4 exd4 6. Nxd4 Bc5 7. Be3 Nxd4 8. Bxd4 Bxd4 9. Qxd4 0-0 10. Nc3 d6 11. f4 f6 12. Rae1 Bd7 13. Qd5+ Kh8 14. Bd3 Qc8 15. h3 Ne7 16. Qh5 Be8 17. Qh4 Ng6 18. Qg3 Bf7 19. Nd5 Qd7 20. Ne3 Ne7 21. Ng4 Ng6 22. h4 Qc6 23. b3 Qc5+ 24. Ne3 Rae8 25. Kh1 a6 26. a4 Ne7 27. Qf3 Qh5 28. g4 Qc5 29. Rg1 Qc6 30. g5 f5 31. Qg2 Bg6 32. exf5 Qxg2+ 33. Kxg2 Bf7 34. c4 Nc6 35. Nc2 Na5 36. Nd4 c5 37. Ne6 Bxe6 38. Rxe6 Nxb3 39. Rge1 Rxe6 40. fxe6 Re8 41. f5 Nd4 42. Kg3 Kg8 43. Rb1 Re7 44. Rb6 g6 45. fxg6 hxg6 46. Rxd6 Nxe6 47. Bxg6 Nd4 48. h5 Re3+ 49. Kf4 Rf3+ 50. Ke5 Rg3 51. Kf6 Rf3+ 52. Ke7 Re3+ 53. Kd7 Re5 54. Rd5 Re3 55. Rxc5 1-0

[Event "Mallorca-chB"]
[Site "Palma de Mallorca"]
[Date "2011.11.26"]
[Round "6"]
[White "Ballester Cladera, Antonio"]
[Black "Gimenez Garcia, Emilio"]
[Result "1/2-1/2"]
[WhiteElo "1855"]
[BlackElo "1870"]
[PlyCount "34"]
[EventDate "2011.10.29"]
[EventType "swiss"]
[EventRounds "8"]
[EventCountry "ESP"]
[SourceTitle "EXT 2014"]
[Source "ChessBase"]
[SourceDate "2013.11.20"]
[SourceVersion "1"]
[SourceVersionDate "2013.11.20"]
[SourceQuality "1"]

1. e4 c6 2. d4 d5 3. Nc3 dxe4 4. Nxe4 Nf6 5. Nxf6+ exf6 6. Bc4 Qe7+ 7. Qe2 Be6 8. Bb3 Bxb3 9. axb3 Qxe2+ 10. Nxe2 Bd6 11. 0-0 Na6 12. c3 0-0 13. Bf4 Bxf4 14. Nxf4 Rfe8 15. Rfe1 Kf8 16. Kf1 Nc7 17. Rxe8+ Kxe8 1/2-1/2

[Event "Mallorca-chB"]
[Site "Palma de Mallorca"]
[Date "2011.11.06"]
[Round "3"]
[White "Tanco Salas, Jesus Maria"]
[Black "Gimenez Garcia, Emilio"]
[Result "1-0"]
[WhiteElo "1911"]
[BlackElo "1870"]
[PlyCount "145"]
[EventDate "2011.10.29"]
[EventType "swiss"]
[EventRounds "8"]
[EventCountry "ESP"]
[SourceTitle "EXT 2014"]
[Source "ChessBase"]
[SourceDate "2013.11.20"]
[SourceVersion "1"]
[SourceVersionDate "2013.11.20"]
[SourceQuality "1"]

1. Nf3 Nf6 2. c4 c5 3. b3 g6 4. Bb2 Bg7 5. g3 0-0 6. Bg2 Nc6 7. 0-0 d6 8. d4 cxd4 9. Nxd4 Bd7 10. Nc3 Qc8 11. Rc1 Bh3 12. Nd5 Re8 13. Nb5 Bxg2 14. Kxg2 a6 15. Nb6 Qd8 16. Nxa8 axb5 17. cxb5 Qxa8 18. bxc6 bxc6 19. a3 c5+ 20. Kg1 Nd7 21. Bxg7 Kxg7 22. Ra1 h5 23. Qc2 Qd5 24. Rfd1 Qb7 25. Rdb1 h4 26. b4 hxg3 27. Qc3+ Nf6 28. fxg3 cxb4 29. Rxb4 Qa7+ 30. Qd4 Qa6 31. Kf2 Rc8 32. Ra2 Qc6 33. e4 e5 34. Qd3 Qc5+ 35. Kg2 d5 36. Rb5 Qc1 37. exd5 e4 38. Qe2 Rc3 39. Qd2 Qxd2+ 40. Rxd2 Rxa3 41. d6 Ra7 42. h3 Rd7 43. Kf2 Ne8 44. Rbd5 f5 45. Ke3 Kf6 46. g4 Ke6 47. gxf5+ gxf5 48. Kf4 Rxd6 49. Rxd6+ Nxd6 50. h4 e3 51. Rh2 Kf6 52. Kxe3 Kg6 53. Kf4 Kh5 54. Ke5 Nc8 55. Kxf5 Ne7+ 56. Kf4 Nd5+ 57. Kf5 Ne7+ 58. Ke4 Ng6 59. Kf3 Ne5+ 60. Kg3 Ng6 61. Rh1 Ne7 62. Ra1 Nf5+ 63. Kh3 Ng7 64. Ra5+ Kh6 65. Kg4 Ne8 66. Ra6+ Kh7 67. Kg5 Kg7 68. Ra7+ Kf8 69. Kg6 Nd6 70. h5 Nc4 71. Ra8+ Ke7 72. h6 Ne5+ 73. Kg7 1-0